000 00600nam a2200193 a 4500
001 1775639897188
003 YourLibrary
005 20260408145033.0
008 260408s1997##################000#0#eng##
020 _a9780792398660
082 0 4 _a346.70821
_bFUR
100 1 _aFurstenberg, George M. von,
_eauthor.
245 1 0 _aRegulation and Supervision of Financial Institutions in the NAFTA Countries and Beyond :
260 _bSpringer Science & Business Media,
_c1997.
300 _a292 pages
650 0 _aBusiness & Economics.
942 _cENGLISH
040 _aYourLibrary
_beng
_cYourLibrary
999 _c619284
_d619284